00245nam a2200085Ia 4500008004100000082001600041245005500057260002900112300001800141230907s9999||||xx |||||||||||||| ||und|| a333.794,REN 0aRenewable energy in the service of mankind Vol II/ aSpringerbNew Yorkc2016 axxix, 999 p.: